000 003180000a22001450004500
005 20120302062935.0
942 _cBOOK
100 _a
_a
_b
_c
245 _a TAPOVAN PRASAD
260 _aCHETPUR : CHINMAYA MISSION
300 _a116 P.
040 _aENG
365 _bRS.120/-
650 _aCHINMAY MISSION / TAPOVAN
999 _c358093
_d358090